000
00315nam a22001337a 4500
008
181016b xxu||||| |||| 00| 0 eng d
020
_a
0887068723
041
_a
eng
080
_a
159.9
100
_a
49
101
_a
PSI
245
_a
The Psychology of Women a manual of resources
_c
Paludi,M.A
942
_2
udc
_c
BK
999
_c
49871
_d
49871